| 000 | 00366nam a22001457a 4500 | ||
|---|---|---|---|
| 003 | SGT | ||
| 082 |
_a615 _bA09M |
||
| 100 | _aMINISTRY OF HEALTH & FAMILY WELFARE | ||
| 245 | _aTHE AYURVEDIC PHARMACOPIA OF INDIA-2 | ||
| 250 | _a1ST | ||
| 260 |
_aDELHI _bMINISTRY OF HEALTH & FAMILY WELFARE _c2009 |
||
| 300 | _a322 | ||
| 650 | _aAYURVEDA PHARMACOPIA | ||
| 942 |
_2ddc _cBK |
||
| 999 |
_c8628 _d8628 |
||